| 000 | 00000nas##2200000za#4500 |
| 001 | 9.503954 |
| 003 | CaOODSP |
| 005 | 20220217114133 |
| 007 | cr ||||||||||| |
| 008 | 150406c2005||||xxc|| p o||||f| |0fre|d |
| 040 | |aCaOODSP|bfre |
| 043 | |an-cn--- |
| 086 | 1 |aSB4-1F-PDF |
| 110 | 2 |aBibliothèque et archives Canada. |
| 245 | 10|aSur les traces de vos ancêtres au Canada |h[ressource électronique] |
| 260 | |aOttawa - Ontario : |bBibliothèque et Archives Canada |cc2005-. |
| 310 | |aIrrégulier |
| 362 | 1 |a[Nº 1]- |
| 520 | 3 |aCe guide contient une description des principales sources de renseignements généalogiques de Bibliothèque et Archives Canada, et il énumère également des sources conservées dans d'autres établissements au Canada. |
| 691 | 07|aGénéalogie|2gcpds |
| 775 | 08|tTracing your ancestors in Canada |w(CaOODSP)9.507566 |